000 00841nam a2200253Ia 4500
003 OSt
005 20220928134228.0
006 a|||||r|||| 00| 0
007 ta
008 220927b |||||||| |||| 00| 0 eng d
020 _c1950
024 _a111316
037 _b1385, 04/03/2011, Kiran Book Service
_cTextual
040 _aSDCL
_cSDCL
_beng
041 _2eng
_aeng
082 _aR:(A), P6.2-6
100 _aChattopadhyaya D P Ed.
245 0 _aHistory of science, philosophy and culture in Indian civilization.Vol 2 Part 6.
260 _aNew Delhi
_bPHISPC
_c2006
490 _vV2/6:Purvamimamsa from an interdisciplinary point of view,xxviii,654p.
650 _aSanskrit
_9391587
942 _hR:(A), P6.2-6
_cTEXL
_2CC
999 _c801597
_d801597